[Event "English Online Blitz Gp2"]
[Site "chess.com INT"]
[Date "2020.05.09"]
[Round "10"]
[White "Burnett, Leon P"]
[Black "Webster, Vivien"]
[Result "0-1"]
[WhiteElo "1834"]
[BlackElo "1590"]
[WhiteFideId "444448"]
[BlackFideId "471968"]
[EventDate "2020.05.09"]
[EventType "blitz"]

1. c4 f5 2. g3 Nf6 3. Bg2 e5 4. Nc3 Be7 5. e3 O-O 6. Nge2 d6 7. O-O Nc6 8. Rb1
Rb8 9. a3 a6 10. b4 Qe8 11. b5 axb5 12. cxb5 Nd8 13. d3 Qg6 14. Qc2 Ne6 15. Nd5
Nxd5 16. Bxd5 Kh8 17. f4 exf4 18. Bxe6 Bxe6 19. Nxf4 Qf7 20. Nxe6 Qxe6 21. Qxc7
Bg5 22. Qb6 Rfc8 23. e4 Bd8 24. Qe3 fxe4 25. Qxe4 Bb6+ 26. Kh1 Qd7 27. Bf4 Re8
28. Qf3 Rbc8 29. Rbc1 Rxc1 30. Rxc1 d5 31. h4 Qxb5 32. Rf1 Qd7 33. Be5 Rg8 0-1

[Event "English Online Blitz Gp2"]
[Site "chess.com INT"]
[Date "2020.05.09"]
[Round "10"]
[White "Pein, Malcolm"]
[Black "Brown, Tom"]
[Result "0-1"]
[WhiteTitle "IM"]
[WhiteElo "2309"]
[BlackElo "2005"]
[WhiteFideId "400289"]
[BlackFideId "448001"]
[EventDate "2020.05.09"]
[EventType "blitz"]

1. d4 d5 2. Nf3 Nf6 3. c4 dxc4 4. e3 e6 5. Bxc4 a6 6. O-O c5 7. dxc5 Qxd1 8.
Rxd1 Bxc5 9. b3 O-O 10. Bb2 b5 11. Be2 Bb7 12. Nc3 Nbd7 13. Rac1 Be7 14. a4 b4
15. Nb1 Rac8 16. Nbd2 Nb6 17. Ne5 Rfd8 18. Ndc4 Nxc4 19. Nxc4 h6 20. Kf1 Ne4 21.
Bf3 Nc5 22. Na5 Bxf3 23. gxf3 Rxd1+ 24. Rxd1 Bd8 25. Nc6 Rxc6 26. Rxd8+ Kh7 27.
Rb8 a5 28. Ke2 Nxb3 29. Kd3 Nc5+ 30. Kd4 Nxa4 31. Ba1 Nc3 32. Bb2 Rd6+ 33. Kc4
Rd2 34. Bxc3 Rc2 35. Kb5 bxc3 0-1

[Event "English Online Blitz Gp2"]
[Site "chess.com INT"]
[Date "2020.05.09"]
[Round "10"]
[White "Wadsworth, Matthew J"]
[Black "Chow, Samuel"]
[Result "1-0"]
[WhiteTitle "IM"]
[BlackTitle "FM"]
[WhiteElo "2416"]
[BlackElo "2345"]
[WhiteFideId "415804"]
[BlackFideId "3202992"]
[EventDate "2020.05.09"]
[EventType "blitz"]

1. c4 Nf6 2. g3 c6 3. Bg2 d5 4. Nf3 dxc4 5. O-O Nbd7 6. Na3 Nb6 7. Qc2 e6 8.
Nxc4 Nxc4 9. Qxc4 Be7 10. d4 O-O 11. Bd2 h6 12. Rfc1 a5 13. Be1 a4 14. Bb4 Bxb4
15. Qxb4 Nd5 16. Qa3 Qe7 17. e4 Qxa3 18. bxa3 Nf6 19. Ne5 Rd8 20. Rc4 Nd7 21.
Nd3 Nf6 22. Rac1 b5 23. Rb4 Bd7 24. Ne5 Rac8 25. Rc5 Be8 26. f3 Nd7 27. Nxd7
Bxd7 28. Kf2 f6 29. e5 Kf7 30. Ke3 Ke7 31. f4 Be8 32. Rb2 g5 33. exf6+ Kxf6 34.
Rbc2 gxf4+ 35. gxf4 Rd6 36. Rxb5 cxb5 37. Rxc8 Bg6 38. Rb8 Bb1 39. Rxb5 Bxa2 40.
Be4 Rd7 41. Rb6 Rc7 42. d5 Kf7 43. Rxe6 Rc3+ 44. Kd4 Rxa3 45. Ra6 Rh3 46. Rxa4
Rxh2 47. Ke5 Rd2 48. d6 Ke8 49. Bc6+ Kf7 50. Rxa2 Rxa2 51. Bd5+ Ke8 52. Bxa2 Kd7
53. Be6+ Kc6 54. d7 Kc7 55. Kf6 1-0

[Event "English Online Blitz Gp2"]
[Site "chess.com INT"]
[Date "2020.05.09"]
[Round "10"]
[White "Nikolovski, Nikola"]
[Black "Adair, James R"]
[Result "1-0"]
[WhiteTitle "IM"]
[BlackTitle "IM"]
[WhiteElo "2454"]
[BlackElo "2450"]
[WhiteFideId "15002314"]
[BlackFideId "406252"]
[EventDate "2020.05.09"]
[EventType "blitz"]

1. e4 c5 2. Nc3 d6 3. f4 g6 4. Nf3 Bg7 5. Bb5+ Bd7 6. Bc4 Nc6 7. O-O e6 8. d3
Nge7 9. f5 gxf5 10. Ng5 Ne5 11. exf5 Nxf5 12. Qh5 Qe7 13. Bxe6 Bxe6 14. Nxe6
Qxe6 15. Rxf5 O-O 16. Bd2 Qg6 17. Qh3 Qg4 18. Qxg4 Nxg4 19. Rg5 f5 20. h3 h6 21.
Rg6 Kh7 22. Rxd6 Bd4+ 23. Kf1 Nf6 24. Re1 Rae8 25. Nd1 Rxe1+ 26. Bxe1 Nh5 27. c3
Bg7 28. Rd7 Nf4 29. Bg3 Nh5 30. Be5 f4 31. Rxb7 Re8 32. Bxg7 Nxg7 33. Rxa7 Kg6
34. Nf2 Nf5 35. Ra6+ Kh5 36. Ne4 Ng3+ 37. Nxg3+ fxg3 38. Rf6 Rb8 39. b3 Ra8 40.
a4 Rb8 41. Rf5+ Kg6 42. Rxc5 Rxb3 43. Ke2 h5 44. h4 Rb2+ 45. Kf3 Rd2 46. d4 Rd3+
47. Kf4 Kh6 48. a5 Rd2 49. Kxg3 Ra2 50. Kf3 Kg6 51. g3 Kf6 52. Kf4 Rf2+ 53. Ke4
Re2+ 54. Kd5 Rg2 55. a6 Rxg3 56. a7 Rg8 57. Ra5 Ra8 58. Kc6 1-0

[Event "English Online Blitz Gp2"]
[Site "chess.com INT"]
[Date "2020.05.09"]
[Round "10"]
[White "Haydon, David L"]
[Black "Reimanis, Ritvars"]
[Result "1-0"]
[WhiteTitle "FM"]
[BlackTitle "FM"]
[WhiteElo "2294"]
[BlackElo "2421"]
[WhiteFideId "415405"]
[BlackFideId "11602988"]
[EventDate "2020.05.09"]
[EventType "blitz"]

1. Nf3 Nf6 2. c4 e6 3. d4 d5 4. Nc3 Be7 5. cxd5 exd5 6. Bf4 c6 7. e3 O-O 8. Bd3
Bd6 9. Bxd6 Qxd6 10. h3 Nbd7 11. O-O Re8 12. Qc2 g6 13. Rfe1 Kg7 14. Rab1 a5 15.
Na4 Ne4 16. Bxe4 dxe4 17. Nd2 f5 18. Qc3 Qb4 19. Qc2 Nf6 20. a3 Qe7 21. Nb6 Ra6
22. Nxc8 Rxc8 23. Nb3 Nd5 24. Nc5 Ra7 25. Rec1 h5 26. Na4 h4 27. Nc3 Rd8 28.
Nxd5 Rxd5 29. b4 axb4 30. axb4 Ra8 31. b5 cxb5 32. Rb3 Rad8 33. Rcb1 Qd7 34. Rc3
Kh6 35. Rc7 Qe6 36. Rxb7 f4 37. R7xb5 f3 38. Rxd5 Rxd5 39. Qc7 fxg2 40. Qf4+ g5
41. Qf8+ Kg6 42. Rb7 Rd7 43. Rxd7 Qxd7 44. Qg8+ Kh6 45. Qf8+ Kg6 46. Kxg2 Qe6
47. Kh2 Kh7 48. Qc5 Qf7 49. Kg1 Qf3 50. Qxg5 Qxh3 51. d5 Qf3 52. Qxh4+ Kg6 53.
Qg3+ Qxg3+ 54. fxg3 Kf5 55. g4+ Ke5 56. Kg2 Kxd5 57. Kg3 Ke5 58. Kh4 Kd5 59. Kg5
Ke5 60. Kh5 Kd5 61. Kg6 Ke5 62. g5 Ke6 63. Kh5 Ke5 64. g6 1-0

[Event "English Online Blitz Gp2"]
[Site "chess.com INT"]
[Date "2020.05.09"]
[Round "10"]
[White "Ashworth, Michael"]
[Black "Baker, Chris W"]
[Result "0-1"]
[BlackTitle "IM"]
[WhiteElo "2012"]
[BlackElo "2227"]
[WhiteFideId "425044"]
[BlackFideId "401676"]
[EventDate "2020.05.09"]
[EventType "blitz"]

1. d4 Nf6 2. c4 g6 3. Nc3 d5 4. cxd5 Nxd5 5. Bd2 Bg7 6. e4 Nxc3 7. Bxc3 O-O 8.
Nf3 c5 9. Be2 Bg4 10. d5 Bxc3+ 11. bxc3 Bxf3 12. Bxf3 Qa5 13. Qd2 Nd7 14. c4
Qxd2+ 15. Kxd2 b6 16. Be2 e6 17. f4 e5 18. f5 gxf5 19. exf5 Kg7 20. Rae1 Kf6 21.
Rhf1 Rg8 22. g4 h5 23. h3 hxg4 24. hxg4 Rh8 25. Rh1 Kg5 26. Ke3 Nf6 27. Rxh8
Rxh8 28. Rg1 Rh3+ 29. Kd2 Ra3 30. Rd1 Rxa2+ 31. Ke3 Ra3+ 32. Kf2 Ne4+ 33. Kg2
Ra2 34. Kf3 Nd6 35. Rh1 e4+ 36. Kf2 Kf4 37. Rh6 Nxc4 38. d6 Rd2 39. d7 Ne5 40.
Ke1 Rxd7 41. Bb5 Rd4 42. Rh8 Nxg4 43. Ra8 a5 44. Rb8 Rd6 45. Be8 Ne5 46. Rb7 f6
47. Bg6 c4 48. Rc7 a4 49. Be8 a3 50. Ra7 Rd3 51. Bb5 Rb3 52. Be8 c3 53. Ba4 Rb1+
54. Ke2 a2 55. Bc2 a1=Q 56. Rxa1 Rxa1 0-1

[Event "English Online Blitz Gp2"]
[Site "chess.com INT"]
[Date "2020.05.09"]
[Round "10"]
[White "Josse, Mark"]
[Black "Bayat, Shohreh"]
[Result "1-0"]
[WhiteTitle "CM"]
[BlackTitle "WFM"]
[WhiteElo "2235"]
[BlackElo "2091"]
[WhiteFideId "414476"]
[BlackFideId "12501018"]
[EventDate "2020.05.09"]
[EventType "blitz"]

1. c4 e6 2. Nc3 d5 3. d4 c6 4. e4 dxe4 5. Nxe4 Nf6 6. Nxf6+ Qxf6 7. a3 Bd6 8.
Nf3 O-O 9. Bg5 Qg6 10. Bd3 f5 11. h4 h6 12. h5 Qe8 13. Bd2 e5 14. dxe5 Bxe5 15.
Nxe5 Qxe5+ 16. Qe2 Qxb2 17. O-O Nd7 18. Rac1 Qe5 19. Qf3 Nc5 20. Bc3 Qd6 21. Bc2
Be6 22. Rcd1 Qc7 23. Rfe1 Rae8 24. Bb2 Bxc4 25. Rxe8 Rxe8 26. Qxf5 Ne6 27. Qg6
Qf7 28. Qh7+ Kf8 29. Bg6 Ng5 30. Bxf7 Nxh7 31. Bxc4 Nf6 32. Bxf6 gxf6 33. Rd7 b5
34. Rf7+ Kg8 35. Re7+ Kf8 36. Rf7+ Kg8 37. Re7+ Kf8 38. Rxe8+ Kxe8 39. Bd3 Ke7
40. Kf1 a6 41. Ke2 c5 42. Kd2 c4 43. Be4 Kd6 44. Kc3 Kc5 45. f3 a5 46. Bg6 b4+
47. axb4+ axb4+ 48. Kc2 Kd4 49. g4 Ke3 50. Be4 Kd4 51. Bb7 Ke3 52. Kb2 Kd4 53.
f4 Kd3 54. Ba6 Ke4 55. g5 fxg5 56. fxg5 hxg5 57. h6 g4 58. h7 g3 59. h8=Q g2 60.
Bb7+ Ke3 61. Bxg2 c3+ 62. Kc2 Ke2 63. Qg8 Kf2 64. Qd5 Kg1 65. Be4 Kf2 66. Qd4+
Ke1 67. Qxb4 Ke2 68. Qxc3 Kf1 69. Qd2 Kg1 70. Qg2# 1-0

[Event "English Online Blitz Gp2"]
[Site "chess.com INT"]
[Date "2020.05.09"]
[Round "10"]
[White "Hebden, Mark L"]
[Black "Gormally, Daniel W"]
[Result "1/2-1/2"]
[WhiteTitle "GM"]
[BlackTitle "GM"]
[WhiteElo "2453"]
[BlackElo "2479"]
[WhiteFideId "400084"]
[BlackFideId "406465"]
[EventDate "2020.05.09"]
[EventType "blitz"]

1. d4 d5 2. Nf3 Nf6 3. c4 c6 4. e3 a6 5. Bd2 Ne4 6. Nc3 Nxd2 7. Qxd2 e6 8. Ne5
Nd7 9. f4 Nxe5 10. fxe5 Be7 11. Bd3 O-O 12. O-O dxc4 13. Bxc4 c5 14. a4 cxd4 15.
exd4 Bg5 16. Qd3 Bd7 17. d5 exd5 18. Bxd5 Bc6 19. Kh1 Qe7 20. Bxc6 bxc6 21. Rae1
Rab8 22. Re2 a5 23. Qf5 g6 24. Qf3 Qe6 25. Qg3 Be7 26. Ne4 Rb4 27. h3 Rxa4 28.
Qc3 Qc4 29. Qf3 Rb4 30. Nf6+ Kg7 31. Re4 Qe6 32. Rxb4 axb4 33. Qf4 Rd8 34. Qh4
h5 35. Qg5 Rh8 36. Kh2 c5 37. b3 c4 38. bxc4 b3 39. Qf4 b2 40. Rb1 Rc8 41. Rxb2
Rxc4 42. Qg5 Bxf6 43. exf6+ Qxf6 44. Qxf6+ Kxf6 45. Rf2+ Kg7 46. g3 g5 47. Kg2
Kg6 48. Ra2 f6 49. Rb2 Rd4 50. Ra2 h4 51. g4 Rd3 52. Rb2 Rg3+ 53. Kh2 Re3 54.
Ra2 Rd3 55. Kg2 Kf7 56. Ra7+ Ke6 57. Ra6+ Ke5 58. Ra2 f5 59. Re2+ Kf6 60. gxf5
Kxf5 61. Rf2+ Ke4 62. Kh2 Re3 63. Ra2 Kf4 64. Rf2+ Ke4 65. Rg2 Kf3 66. Rxg5 Re2+
67. Kh1 Re1+ 68. Kh2 Re2+ 69. Kh1 Re1+ 70. Kh2 Re2+ 1/2-1/2

[Event "English Online Blitz Gp2"]
[Site "chess.com INT"]
[Date "2020.05.09"]
[Round "10"]
[White "Fisher, Neal"]
[Black "Buckley, Colm"]
[Result "0-1"]
[WhiteElo "1498"]
[BlackElo "1920"]
[WhiteFideId "442100"]
[BlackFideId "2505916"]
[EventDate "2020.05.09"]
[EventType "blitz"]

1. d4 e6 2. Bf4 Nf6 3. Nf3 b6 4. c3 Bb7 5. e3 c5 6. Nbd2 Nc6 7. Bd3 Be7 8. Qc2
d6 9. h4 cxd4 10. exd4 Rc8 11. Bb5 O-O 12. Bxc6 Bxc6 13. h5 d5 14. Ne5 Bb5 15.
h6 g6 16. Ndf3 Ne4 17. a4 Ba6 18. b4 Bc4 19. b5 f6 20. Nxc4 Rxc4 21. Bd2 Qc8 22.
O-O Nxc3 23. Bxc3 Rxc3 24. Qe2 Bd6 25. Nh4 Qe8 26. Qg4 f5 27. Qe2 Qd7 28. Nf3
Rfc8 29. Ne5 Qc7 30. Qd2 Bxe5 31. dxe5 Qxe5 32. Rae1 Qd6 33. Qe2 Re8 34. Qe5
Qxe5 35. Rxe5 Kf7 36. Rfe1 Rc4 37. Ra1 Kf6 38. Ree1 d4 39. a5 bxa5 40. Rxa5 Re7
41. Ra6 d3 42. Rd1 Rd4 43. b6 axb6 44. Rxb6 d2 45. Rb2 Red7 46. Kf1 Kg5 47. Ke2
Kxh6 48. Rbxd2 Rxd2+ 49. Rxd2 Rxd2+ 50. Kxd2 Kg5 51. Ke3 h5 52. Kf3 Kf6 53. Kf4
g5+ 54. Kf3 e5 55. g3 f4 56. gxf4 exf4 57. Kg2 Kf5 58. Kh3 Ke4 59. Kg2 g4 60.
Kf1 h4 61. Kg2 h3+ 62. Kf1 Kf3 63. Kg1 Ke2 64. Kh2 Kxf2 65. Kh1 Ke2 66. Kh2 f3
67. Kg1 f2+ 68. Kh2 f1=Q 69. Kg3 Qg2+ 70. Kh4 h2 71. Kg5 h1=Q 0-1

[Event "English Online Blitz Gp2"]
[Site "chess.com INT"]
[Date "2020.05.09"]
[Round "11"]
[White "Waterfield, Mark"]
[Black "Chaplin, Peter E"]
[Result "0-1"]
[WhiteElo "1641"]
[BlackElo "2046"]
[WhiteFideId "464910"]
[BlackFideId "406554"]
[EventDate "2020.05.09"]
[EventType "blitz"]

1. e4 c5 2. Nf3 Nc6 3. Bb5 Nf6 4. e5 Ng4 5. Qe2 Qc7 6. Bxc6 dxc6 7. h3 Nh6 8. d4
Nf5 9. dxc5 Qa5+ 10. Bd2 Qxc5 11. Nc3 Nd4 12. Nxd4 Qxd4 13. Qe3 Qxe3+ 14. Bxe3
Bf5 15. O-O-O e6 16. g4 Bg6 17. f4 Bb4 18. Ne2 Be4 19. Rhg1 Bf3 20. c3 Bxe2 21.
cxb4 Bxd1 22. Rxd1 b6 23. Kc2 Ke7 24. a4 Rhd8 25. b5 Rxd1 26. Kxd1 cxb5 27. axb5
Rd8+ 28. Kc2 Rd5 29. Kc3 Rxb5 30. b4 Rd5 31. h4 Rd1 32. Kc4 Re1 33. Bd4 Re4 34.
Kb5 Rxd4 0-1

[Event "English Online Blitz Gp2"]
[Site "chess.com INT"]
[Date "2020.05.09"]
[Round "11"]
[White "Regan, Natasha K"]
[Black "Alizada, Eldar"]
[Result "0-1"]
[WhiteTitle "WIM"]
[WhiteElo "1954"]
[BlackElo "1922"]
[WhiteFideId "403067"]
[BlackFideId "464104"]
[EventDate "2020.05.09"]
[EventType "blitz"]

1. e4 e6 2. d4 d5 3. Nc3 dxe4 4. Nxe4 Nd7 5. Nf3 Ngf6 6. Neg5 Be7 7. g3 O-O 8.
Bg2 c5 9. O-O h6 10. Nh3 cxd4 11. Nxd4 Nc5 12. c3 Qc7 13. Nb5 Qb6 14. a4 a6 15.
Nd4 Qc7 16. a5 Rd8 17. b4 Nce4 18. Qb3 Qxc3 19. Be3 Rxd4 20. Qxc3 Nxc3 21. Bxd4
Ne2+ 22. Kh1 Nxd4 23. Rfd1 Nc2 24. Rac1 Nxb4 25. Rc7 Nbd5 26. Bxd5 Nxd5 0-1

[Event "English Online Blitz Gp2"]
[Site "chess.com INT"]
[Date "2020.05.09"]
[Round "11"]
[White "Dilley, Jason M"]
[Black "Gallagher, Daniel GH"]
[Result "1-0"]
[WhiteElo "2136"]
[BlackElo "2205"]
[WhiteFideId "403016"]
[BlackFideId "436550"]
[EventDate "2020.05.09"]
[EventType "blitz"]

1. d4 Nf6 2. Bg5 Ne4 3. Bf4 Nc6 4. c3 d5 5. f3 e5 6. dxe5 g5 7. fxe4 gxf4 8. Nf3
dxe4 9. Qxd8+ Nxd8 10. Ng5 Bf5 11. Nd2 e3 12. Nc4 b5 13. Na5 Ne6 14. Nxe6 fxe6
15. O-O-O Bg7 16. Nc6 Be4 17. Nd4 Bxe5 18. Nxe6 Ke7 19. Nxf4 Rad8 20. Nd3 Bd6
21. h4 c5 22. Rh3 c4 23. Rxe3 cxd3 24. Rxe4+ Kf6 25. exd3 Rhe8 26. Rde1 Rxe4 27.
Rxe4 Bg3 28. Kd2 Kf5 29. Ke3 Rf8 30. Be2 Kg6 31. Rg4+ 1-0

[Event "English Online Blitz Gp2"]
[Site "chess.com INT"]
[Date "2020.05.09"]
[Round "11"]
[White "Brown, Tom"]
[Black "Josse, Mark"]
[Result "0-1"]
[BlackTitle "CM"]
[WhiteElo "2005"]
[BlackElo "2235"]
[WhiteFideId "448001"]
[BlackFideId "414476"]
[EventDate "2020.05.09"]
[EventType "blitz"]

1. d4 Nf6 2. Nf3 d6 3. Nc3 g6 4. e4 Bg7 5. Be2 O-O 6. O-O a6 7. h3 b5 8. e5 Nfd7
9. Bf4 Bb7 10. a3 Nc6 11. exd6 exd6 12. Re1 Re8 13. Bg5 f6 14. Be3 h6 15. Bd3 f5
16. Qd2 Kh7 17. Ne2 Nf6 18. Ng3 Ne7 19. c3 Qd7 20. Nh2 Ned5 21. Qc2 Nxe3 22.
Rxe3 Rxe3 23. fxe3 Kh8 24. e4 f4 25. Ne2 g5 26. Rf1 Re8 27. e5 dxe5 28. Bf5 Qe7
29. dxe5 Qxe5 30. Nd4 c5 31. Ndf3 c4 32. Re1 Qc5+ 33. Kh1 Rxe1+ 34. Nxe1 Qe3 35.
Nef3 Ne4 36. Qd1 0-1

[Event "English Online Blitz Gp2"]
[Site "chess.com INT"]
[Date "2020.05.09"]
[Round "11"]
[White "Rudd, Jack"]
[Black "Golding, James"]
[Result "1-0"]
[WhiteTitle "IM"]
[WhiteElo "2331"]
[BlackElo "2067"]
[WhiteFideId "405736"]
[BlackFideId "427250"]
[EventDate "2020.05.09"]
[EventType "blitz"]

1. d4 d5 2. c4 e6 3. Nc3 c5 4. cxd5 exd5 5. Nf3 Nc6 6. g3 Nf6 7. Bg2 Be7 8. O-O
O-O 9. Bg5 c4 10. b3 Qa5 11. Rc1 Bb4 12. Bxf6 gxf6 13. Qd2 Re8 14. bxc4 dxc4 15.
d5 Ne5 16. Nxe5 Rxe5 17. Qd4 Bxc3 18. Rxc3 Bd7 19. d6 Rb8 20. Rxc4 Qxa2 21. Rc7
Qe6 22. Qxa7 Rd8 23. Qd4 Rxe2 24. Bd5 Qe5 25. Qc4 Be6 26. Bxe6 Qxe6 27. Qxe6
Rxe6 28. Rb1 Rexd6 29. Rbxb7 Rf8 30. Rc4 Re8 31. Rf4 Rde6 32. Kg2 Kg7 33. Kh3
R8e7 34. Rb3 Re2 35. Kg4 Ra2 36. Rb5 Ree2 37. Rbf5 Re6 38. Kh5 Rb2 39. Rg4+ Kf8
40. Kh6 Rbb6 41. Kxh7 Re5 42. Rgf4 Rxf5 43. Rxf5 Re6 44. h4 Rd6 45. h5 Re6 46.
h6 Rd6 47. Kh8 Re6 48. g4 Rd6 49. f4 Re6 50. Ra5 Re8 51. h7 Rd8 52. Rf5 Rd6 53.
g5 fxg5 54. fxg5 Rg6 55. Ra5 Ke7 56. Ra7+ Ke6 57. Ra6+ 1-0

[Event "English Online Blitz Gp2"]
[Site "chess.com INT"]
[Date "2020.05.09"]
[Round "11"]
[White "Tan, Justin2"]
[Black "Kalavannan, Koby"]
[Result "1/2-1/2"]
[WhiteTitle "GM"]
[BlackTitle "FM"]
[WhiteElo "2496"]
[BlackElo "2324"]
[WhiteFideId "3206882"]
[BlackFideId "425753"]
[EventDate "2020.05.09"]
[EventType "blitz"]

1. d4 Nf6 2. c4 g6 3. g3 Bg7 4. Bg2 d6 5. Nf3 O-O 6. O-O Nc6 7. Nc3 e5 8. dxe5
dxe5 9. Qa4 Be6 10. Rd1 Qc8 11. Bg5 Nd7 12. Nd5 Nb6 13. Qc2 Bxd5 14. cxd5 Nb4
15. Qb3 N4xd5 16. Rxd5 Nxd5 17. Qxd5 c6 18. Qb3 Qc7 19. Nd2 h6 20. Be3 Kh7 21.
Bc5 Rfd8 22. Nf1 b6 23. Be3 Rac8 24. g4 Qe7 25. a4 c5 26. Ng3 c4 27. Qc2 Qb4 28.
Be4 Qb3 29. Qc3 Rd1+ 30. Rxd1 Qxd1+ 31. Kg2 Qxa4 32. h4 Qd7 33. f3 Rc7 34. h5
Qe7 35. Qc2 Qd6 36. Bd2 b5 37. g5 hxg5 38. Bxg5 b4 39. Qc1 c3 40. bxc3 Rxc3 41.
Qh1 Kg8 42. h6 Bf6 43. h7+ Kh8 44. Bh6 b3 45. Qa1 Rc7 46. Qa4 Qe6 47. Qb4 Kxh7 1/2-1/2

[Event "English Online Blitz Gp2"]
[Site "chess.com INT"]
[Date "2020.05.09"]
[Round "11"]
[White "Nikolovski, Nikola"]
[Black "Hebden, Mark L"]
[Result "1-0"]
[WhiteTitle "IM"]
[BlackTitle "GM"]
[WhiteElo "2454"]
[BlackElo "2453"]
[WhiteFideId "15002314"]
[BlackFideId "400084"]
[EventDate "2020.05.09"]
[EventType "blitz"]

1. e4 e5 2. Nf3 Nc6 3. Bc4 Nf6 4. d3 Be7 5. O-O O-O 6. c3 d6 7. Re1 Na5 8. Bb5
a6 9. Ba4 b5 10. Bc2 c5 11. Nbd2 Be6 12. Nf1 Qc7 13. Ng3 Rad8 14. Qe2 h6 15. h3
Rfe8 16. Nh4 d5 17. Nhf5 Bf8 18. Qf3 dxe4 19. dxe4 Nh7 20. Nh5 Nc4 21. Qg3 g6
22. Bxh6 Bxf5 23. exf5 Bxh6 24. fxg6 Ng5 25. h4 fxg6 26. Nf6+ Kf7 27. Nxe8 Rxe8
28. hxg5 Bg7 29. b3 Nd6 30. Rad1 Qe7 31. Qf3+ Kg8 32. Bxg6 Rf8 33. Qh5 Rd8 34.
Rd3 e4 35. Qh7+ Kf8 36. Rde3 Qxg5 37. Bxe4 Nxe4 38. Rxe4 Kf7 39. R4e3 Rd6 40.
Rf3+ Rf6 41. Qe4 Kg8 42. Rxf6 Bxf6 43. Re3 Kf7 44. Qe6+ Kf8 45. Qc8+ Kf7 46.
Qe8+ Kg7 47. Qd7+ Kg6 48. Rg3 1-0

[Event "English Online Blitz Gp2"]
[Site "chess.com INT"]
[Date "2020.05.09"]
[Round "11"]
[White "Grieve, Harry"]
[Black "Zabrocki, Philip"]
[Result "1-0"]
[WhiteTitle "FM"]
[WhiteElo "2355"]
[BlackElo "1948"]
[WhiteFideId "426520"]
[BlackFideId "426873"]
[EventDate "2020.05.09"]
[EventType "blitz"]

1. e4 e6 2. d4 d5 3. Nd2 Nf6 4. e5 Nfd7 5. Bd3 c5 6. c3 Nc6 7. Ne2 cxd4 8. cxd4
f6 9. exf6 Nxf6 10. O-O Bd6 11. Nf3 Qc7 12. h3 O-O 13. Be3 Bd7 14. Re1 Be8 15.
Ng5 Bf7 16. Nc3 a6 17. Rc1 h6 18. Nf3 Bh5 19. Be2 Bxf3 20. Bxf3 Qf7 21. Na4 e5
22. dxe5 Nxe5 23. Nb6 Nxf3+ 24. Qxf3 Rad8 25. Bd4 Ne4 26. Qxf7+ Rxf7 27. Nxd5
Nf6 28. Nxf6+ gxf6 29. Bb6 Rdd7 30. Re6 Be5 31. b3 Rg7 32. Be3 Kf7 33. Rb6 h5
34. f4 Bb8 35. Rc8 Ba7 36. Rxf6+ Kxf6 37. Bxa7 Rc7 38. Bd4+ Kf5 39. Re8 Rge7 40.
Rf8+ Ke4 41. Be5 Rc1+ 42. Kf2 Rc2+ 43. Kg3 Rxa2 44. Rh8 Ra3 45. Rxh5 Rxb3+ 46.
Kg4 Rb5 47. Rh8 a5 48. Ra8 Rbxe5 49. fxe5 Rxe5 50. h4 b6 51. h5 Re7 52. h6 Rh7
53. Kg5 Ke3 54. Kg6 Rxh6+ 55. Kxh6 Kf2 56. g4 Kg3 57. g5 1-0

[Event "English Online Blitz Gp2"]
[Site "chess.com INT"]
[Date "2020.05.09"]
[Round "11"]
[White "Kuzhelev, Timur"]
[Black "Allis, Richard"]
[Result "1-0"]
[WhiteElo "1781"]
[BlackElo "2052"]
[WhiteFideId "44101791"]
[BlackFideId "435791"]
[EventDate "2020.05.09"]
[EventType "blitz"]

1. e4 e5 2. Nc3 Nc6 3. f4 Bb4 4. Nf3 Bxc3 5. bxc3 d6 6. Bb5 Bg4 7. d4 a6 8.
Bxc6+ bxc6 9. h3 Bxf3 10. Qxf3 exf4 11. Bxf4 Qf6 12. O-O Ne7 13. Qg4 Qg6 14. Bg5
f6 15. Be3 Qxg4 16. hxg4 O-O 17. Rab1 Rfb8 18. Rb3 Rxb3 19. cxb3 d5 20. Bf4 dxe4
21. Bxc7 Nd5 22. Ba5 Re8 23. c4 Ne7 24. Re1 Ng6 25. Bd2 Kf7 26. Kf2 Re6 27. g5
f5 28. g3 Ne7 29. Ke3 Kg6 30. Rh1 Rd6 31. Bb4 Rd7 32. Kf4 Nc8 33. Bc5 Nd6 34. g4
fxg4 35. Bxd6 Rxd6 36. Kxe4 Kxg5 37. Rxh7 Re6+ 38. Kd3 Re7 39. d5 cxd5 40. cxd5
Kg6 41. Rh1 Kf6 42. Kd4 Re2 43. Rg1 Kf5 44. a4 Rd2+ 45. Kc5 g5 46. d6 Kf4 47.
Kc6 g3 48. d7 Kf3 49. b4 g2 50. b5 axb5 51. axb5 g4 52. b6 Rc2+ 53. Kb5 Rb2+ 54.
Kc4 Rd2 55. b7 Rxd7 56. b8=Q Rd2 57. Qf8+ Kg3 58. Kc3 Rf2 59. Qd6+ Kh3 60. Kd3
Rf3+ 61. Ke2 Rf5 62. Qh6+ Kg3 63. Qe3+ Rf3 64. Qe5+ Kh3 65. Qh5+ Kg3 66. Rxg2+
Kxg2 67. Qxg4+ Rg3 68. Qe4+ Kh3 69. Kf2 Rg4 70. Qh1# 1-0

[Event "English Online Blitz Gp2"]
[Site "chess.com INT"]
[Date "2020.05.09"]
[Round "11"]
[White "Fisher, Neal"]
[Black "Norinkeviciute, Rasa"]
[Result "0-1"]
[BlackTitle "WFM"]
[WhiteElo "1498"]
[BlackElo "2010"]
[WhiteFideId "442100"]
[BlackFideId "12801925"]
[EventDate "2020.05.09"]
[EventType "blitz"]

1. d4 d6 2. Bf4 Nf6 3. Nf3 Nbd7 4. e3 c6 5. c3 Qc7 6. Bd3 e5 7. dxe5 dxe5 8. Bg5
h6 9. Bxf6 Nxf6 10. e4 Be7 11. Qb3 Be6 12. Bc4 Bxc4 13. Qxc4 O-O 14. O-O b5 15.
Qe2 Rfd8 16. Nbd2 Rd7 17. Nb3 Rad8 18. Rad1 Rxd1 19. Rxd1 Rxd1+ 20. Qxd1 Nxe4
21. Qe1 f5 22. Nbd2 Nxd2 23. Qxd2 Bf6 24. g3 Kf7 25. Kg2 Ke6 26. Qc2 Qd6 27.
Qb3+ Qd5 28. Qa3 e4 29. Nd4+ Bxd4 30. cxd4 e3+ 31. Kf1 Qc4+ 32. Kg2 exf2 33.
Kxf2 Qxd4+ 34. Kg2 Qd6 35. Qxa7 Qd5+ 36. Kf2 Qd2+ 37. Kf3 Qxb2 38. Qe3+ Kf6 39.
Qe8 Qxa2 40. Qxc6+ Qe6 41. Qxb5 Qe4+ 42. Kf2 Kg5 43. Qb8 Qc2+ 44. Kf3 Qd3+ 45.
Kg2 Qe4+ 46. Kg1 Qe7 47. Qf4+ Kg6 48. g4 Qe1+ 49. Kg2 Qe2+ 50. Kg3 Qe1+ 51. Kg2
Qe2+ 52. Kg3 fxg4 53. Qxg4+ Qxg4+ 54. Kxg4 Kf6 55. Kg3 Kg5 56. Kg2 Kg4 57. Kg1
Kf3 58. Kh1 Kf2 59. h3 Kg3 60. Kg1 Kxh3 61. Kh1 Kg3 62. Kg1 h5 63. Kh1 Kh3 64.
Kg1 g5 65. Kh1 g4 66. Kg1 g3 67. Kh1 g2+ 68. Kg1 h4 69. Kf2 Kh2 70. Kf3 g1=Q 71.
Kf4 Qg3+ 72. Kf5 Kg2 73. Kf6 Kf3 0-1